| 000 | 00415nam a22001217a 4500 | ||
|---|---|---|---|
| 008 | 230525b |||||||| |||| 00| 0 eng d | ||
| 040 |
_aNational Science Library _cNational Science Library |
||
| 080 |
_aR 334.74(540)(058) _bM8.2 |
||
| 245 |
_aIndian industries: _bReference work & directory of industries in India _c/ L & T Switchgear |
||
| 250 | _a18th ed. | ||
| 260 |
_bL & T Switchgear, _c1988 |
||
| 942 |
_2udc _cREF |
||
| 999 |
_c34761 _d34761 |
||